Strategic Design of Multi Echelon Distribution Network (Record no. 526184)

000 -LEADER
fixed length control field 00498nam a22001697a 4500
003 - CONTROL NUMBER IDENTIFIER
control field NUST
038 ## - RECORD CONTENT LICENSOR
Staff Name Mr. Zahoor
082 ## - DEWEY DECIMAL CLASSIFICATION NUMBER
Classification number 670
100 ## - MAIN ENTRY--PERSONAL NAME
Personal name Ahmed, Abrar
9 (RLIN) 17157
245 ## - TITLE STATEMENT
Title Strategic Design of Multi Echelon Distribution Network
Statement of responsibility, etc. Abrar Ahmed
260 ## - PUBLICATION, DISTRIBUTION, ETC.
Place of publication, distribution, etc. Islamabad :
Name of publisher, distributor, etc. SMME - NUST,
Date of publication, distribution, etc. 2012.
300 ## - PHYSICAL DESCRIPTION
Extent x, 54 p. : ill. ;
Dimensions 30cm.
500 ## - GENERAL NOTE
General note Hardcover.
650 ## - SUBJECT ADDED ENTRY--TOPICAL TERM
Topical term or geographic name entry element Industrial and Manufacturing Engineering - MS Thesis
9 (RLIN) 16206
700 ## - ADDED ENTRY--PERSONAL NAME
Personal name Dr. Riaz Ahmed
9 (RLIN) 17158
942 ## - ADDED ENTRY ELEMENTS (KOHA)
Source of classification or shelving scheme
Koha item type Thesis
Holdings
Withdrawn status Lost status Source of classification or shelving scheme Damaged status Not for loan Permanent Location Current Location Shelving location Date acquired Full call number Barcode Date last seen Price effective from Koha item type
          Central Library (CL) Central Library (CL) Thesis 07/09/2019 670 CL-T-2044 07/10/2019 07/09/2019 Thesis
© 2023 Central Library, National University of Sciences and Technology. All Rights Reserved.